Efectos de la barrera del Sub-cociente en la elección de diputados /
Shranjeno v:
| Glavni avtor: | |
|---|---|
| Format: | Texto |
| Teme: | |
| Oznake: |
Označite
Brez oznak, prvi označite!
|
MARC
| LEADER | 00000 a a2200000 04500 | ||
|---|---|---|---|
| 001 | 14521 | ||
| 003 | |||
| 040 | |||
| 100 | |a Martínez Ortiz, José A. | ||
| 245 | |a Efectos de la barrera del Sub-cociente en la elección de diputados / |c José A. Martínez Ortiz | ||
| 650 | |a ELECCIONES | ||
| 650 | |a PARTIDOS POLITICOS | ||
| 650 | |a PODER LEGISLATIVO | ||
| 650 | |a ASPECTOS PSICOLOGICOS | ||
| 650 | |a COSTA RICA | ||
| 650 | |a ELECCIONES | ||
| 773 | |g número 109 (III) - 110 (páginas 41-55) | ||
| 999 | |c 22119 |d 22119 | ||
| 773 | 0 | |0 18728 |9 3031 |a Universidad de Costa Rica |d San José, Costa Rica Editorial UCR 1956- |o 05836 |t Revista de Ciencias Sociales/ |x 04825276 | |
